Journal of Cognitive Psychology
Gespeichert in:
| Format: | Schriftenreihe |
|---|---|
| Sprache: | Englisch |
| Veröffentlicht: |
Abingdon
Taylor & Francis
|
| Tags: |
Keine Tags, Fügen Sie das erste Tag hinzu!
|
MARC
| LEADER | 00000nas1a2200000 4500 | ||
|---|---|---|---|
| 001 | 0311900 | ||
| 005 | 20250819084848.4 | ||
| 022 | |a 2044-5911 | ||
| 022 | |a 2044-592X | ||
| 041 | 0 | |a eng | |
| 044 | |a GB | ||
| 245 | 1 | 0 | |a Journal of Cognitive Psychology |
| 264 | 1 | |a Abingdon |b Taylor & Francis | |